| Tag |
First Indicator |
Second Indicator |
Subfields |
| LEADER |
00000cam a2200000 4500 |
| 001 |
in00000053731 |
| 005 |
20151008050336.0 |
| 008 |
800429s1956 maua 00000 eng |
| 010 |
|
|
|a 56063985
|
| 035 |
|
|
|a (OCoLC)06261697
|
| 035 |
|
|
|9 AAG0535AM
|
| 040 |
|
|
|a DLC
|c TXA
|d UtOrBLW
|
| 049 |
|
|
|a TXAM
|
| 050 |
|
0 |
|a HG538
|b .F38
|
| 082 |
0 |
|
|a 332.41
|
| 092 |
|
|
|a 332.41
|b F293m
|
| 110 |
2 |
|
|a Federal Reserve Bank of Boston.
|
| 245 |
1 |
0 |
|a Maintaining economic growth and stability :
|b a study /
|c by the Board of Directors.
|
| 264 |
|
1 |
|a [Boston],
|b [publisher not identified] ;
|c 1956.
|
| 300 |
|
|
|a 39 pages :
|b illustrations ;
|c 23 cm.
|
| 336 |
|
|
|a text
|b txt
|2 rdacontent
|
| 337 |
|
|
|a unmediated
|b n
|2 rdamedia
|
| 338 |
|
|
|a volume
|b nc
|2 rdacarrier
|
| 650 |
|
0 |
|a Currency question
|z United States.
|
| 999 |
|
|
|a MARS
|
| 999 |
f |
f |
|s fa332a15-c2ff-3ed9-bf49-763dfb9db995
|i b40fcca7-99a0-325b-afb2-5b8bf5b3179c
|t 0
|
| 952 |
f |
f |
|p ric
|a Texas A&M University
|b Rellis Campus
|c Joint Library Facility
|d Remote Storage
|t 0
|e HG538 .F38
|h Library of Congress classification
|i unmediated -- volume
|m A14800733309
|
| 998 |
f |
f |
|a HG538 .F38
|t 0
|l Remote Storage
|